Central Library OPAC University of Rajshahi

The new paradox for Japanese women : (Record no. 57873)

MARC details
000 -LEADER
fixed length control field 01046nam a2200301 a 4500
001 - CONTROL NUMBER
control field 57873
003 - CONTROL NUMBER IDENTIFIER
rucl marc code BD-RJUL
005 - DATE AND TIME OF LATEST TRANSACTION
control field 20211209080548.0
008 - FIXED-LENGTH DATA ELEMENTS--GENERAL INFORMATION
fixed length control field 161212s2010 ja a b 001 0 eng d
020 ## - INTERNATIONAL STANDARD BOOK NUMBER
International Standard Book Number 9784924971288
International Standard Book Number 4924971286
035 ## - SYSTEM CONTROL NUMBER
System control number (BD-RJUL)57997
040 ## - CATALOGING SOURCE
Original cataloging agency PVY
Transcribing agency PVY
Modifying agency BD-RJUL
Language of cataloging eng
041 1# - LANGUAGE CODE
Language code of text/sound track or separate title eng
Language code of original jpn
066 ## - CHARACTER SETS PRESENT
Alternate G0 or G1 character set $1
082 ## - DEWEY DECIMAL CLASSIFICATION NUMBER
Edition number 23
Classification number 305.452
Author mark and year TON 2010
090 ## - LOCALLY ASSIGNED LC-TYPE CALL NUMBER (OCLC); LOCAL CALL NUMBER (OCLC)
Classification number (OCLC) (R) ; Classification number, CALL (RLIN) (NR) HQ1762
Local cutter number (OCLC) ; Book number/undivided call number, CALL (RLIN) .T33 2010
100 1# - MAIN ENTRY--PERSONAL NAME
Personal name Toshiaki, Tachibanaki,
Dates associated with a name 1943-
Linkage 880-01
9 (RLIN) 171900
245 14 - TITLE STATEMENT
Title The new paradox for Japanese women :
Remainder of title greater choice, greater inequality /
Statement of responsibility, etc. Tachibanaki Toshiaki ; translated by Mary E. Foster.
260 ## - PUBLICATION, DISTRIBUTION, ETC. (IMPRINT)
Place of publication, distribution, etc. Tokyo :
Name of publisher, distributor, etc. International House of Japan,
Date of publication, distribution, etc. c2010.
300 ## - PHYSICAL DESCRIPTION
Pagination xix, 290 p. :
Illustrations ill. ;
Size 24 cm.
490 1# - SERIES STATEMENT
Series statement LTCB international library selection =
Volume/sequential designation no. 26
504 ## - BIBLIOGRAPHY, ETC. NOTE
Bibliography, etc Includes bibliographical references (p. 273-279) and index.
650 #0 - SUBJECT ADDED ENTRY--TOPICAL TERM
Topical term or geographic name as entry element Women
Geographic subdivision Japan
9 (RLIN) 170860
700 1# - ADDED ENTRY--PERSONAL NAME
Personal name Foster, Mary E.
830 #0 - SERIES ADDED ENTRY--UNIFORM TITLE
Uniform title LTCB international library selection ;
Volume number/sequential designation no. 26.
942 ## - ADDED ENTRY ELEMENTS (KOHA)
Source of classification or shelving scheme Dewey Decimal Classification
Koha item type Books
Holdings
Lost status Source of classification or shelving scheme Damaged status Not for loan Collection code Permanent Location Current Location Shelving location Date acquired Source of acquisition Cost, normal purchase price Total Checkouts Full call number Date last seen Copy number Koha item type
  Dewey Decimal Classification   Not For Loan Non-fiction Central Library, University of Rajshahi Central Library, University of Rajshahi Rare Book Section 05/09/2010 japan, international house of japan 0.00   305.452 TON 2010 12/12/2016 C-1 Books